Las Bacantes: el fantasma de la femineidad en la cultura griega
Na minha lista:
| Autor principal: | |
|---|---|
| Formato: | Livro |
| Idioma: | espanhol |
| Publicado em: |
Santiago
Smirnow
1987
|
| Assuntos: | |
| Tags: |
Adicionar Tag
Sem tags, seja o primeiro a adicionar uma tag!
|
MARC
| LEADER | 00000nam a2200000 a 4500 | ||
|---|---|---|---|
| 001 | UCW8615 | ||
| 003 | CL-VaPUC | ||
| 008 | 881010e19870000CL |||||||||||||||||spa|d | ||
| 082 | 0 | 4 | |a 882.09 |b PIM |2 21 |
| 100 | 0 | |a Pimstein, Felipe |e author |9 313848 | |
| 245 | 1 | 4 | |a Las Bacantes: el fantasma de la femineidad en la cultura griega |
| 300 | |a 176 p | ||
| 942 | |c BK | ||
| 945 | |d 19881010 00:00:00 | ||
| 260 | |a Santiago |b Smirnow |c 1987 | ||
| 600 | 0 | 7 | |a EURIPIDES |2 CL-VaPUC |9 269419 |
| 650 | 0 | |a Tragedia griega |9 265362 | |
| 650 | 0 | |a Historia y crítica |9 257407 | |
| 650 | 0 | |a Crítica e interpretación |9 255042 | |
| 583 | |a last modification |c 19881010 00:00:00 |k Rodrigo Vera | ||
| 999 | |c 220943 |d 220941 | ||
| 952 | |0 0 |1 0 |4 0 |6 882_090000000000000_PIM_1987 |7 0 |8 A |9 213783 |a BIBEDU |b BIBEDU |d 2019-11-15 |i 282079K |o 882.09 PIM 1987 |p 282079K |r 2019-11-15 |w 2019-11-15 |y BK |k LIT | ||